París livré: les origines de la commune

Saved in:
Bibliografiske detaljer
Hovedforfatter: Choury, Maurice (Author)
Format: Bog
Sprog:fransk
Udgivet: París Editions Sociales 1960
Fag:
Tags: Tilføj Tag
Ingen Tags, Vær først til at tagge denne postø!

MARC

LEADER 00000nam a2200000 a 4500
001 UCO0798
003 CL-VaPUC
008 000428e19600000FR |||||||||||||||||fre|d
082 0 4 |a 944.0812  |b CHO  |2 21 
100 0 |a Choury, Maurice  |e author  |9 442328 
245 1 0 |a París livré: les origines de la commune 
300 |a 187 p 
942 |c BK 
945 |d 20000428 00:00:00  |a rherrera 
260 |a París  |b Editions Sociales  |c 1960 
650 7 |a HISTORIA DE FRANCIA SIGLO 19  |2 CL-VaPUC  |9 345418 
650 7 |a HISTORIA DE PARIS  |2 CL-VaPUC  |9 442329 
650 7 |a GUERRA FRANCOALEMANA  |2 CL-VaPUC  |9 442252 
651 7 |a PARIS  |2 CL-VaPUC  |9 267097 
583 |a last modification  |c 20160829 12:36:10  |k Rodrigo Vera 
999 |c 287444  |d 287442 
952 |0 0  |1 0  |4 0  |6 944_081200000000000_CHO_1960  |7 0  |8 A  |9 334306  |a BIBHIS  |b BIBHIS  |d 2019-11-20  |i 1266438  |o 944.0812 CHO 1960  |p 1266438  |r 2025-01-20  |w 2019-11-20  |y BK  |k HIS